[Event "Montigny le Bretonneux op 17th"]
[Site "Montigny le Bretonneux"]
[Date "2013.05.20"]
[Round "9"]
[White "Sellier, Alexandre"]
[Black "Mutzel, Joseph"]
[Result "0-1"]
[WhiteElo "1180"]
[BlackElo "1320"]
[PlyCount "82"]
[EventDate "2013.05.18"]
[EventType "swiss"]
[EventRounds "9"]
[EventCountry "FRA"]
[SourceTitle "EXT 2014"]
[Source "ChessBase"]
[SourceDate "2013.11.20"]
[SourceVersion "1"]
[SourceVersionDate "2013.11.20"]
[SourceQuality "1"]

1. e4 e5 2. Nf3 Nc6 3. Nc3 Bc5 4. Bb5 Nf6 5. 0-0 0-0 6. d3 d6 7. Bxc6 bxc6 8. Bg5 Be6 9. h3 Qd7 10. Bxf6 gxf6 11. d4 exd4 12. Nxd4 Kh8 13. Nce2 Bxh3 14. gxh3 Rg8+ 15. Ng3 Qxh3 16. Qf3 Bxd4 17. Rad1 Be5 18. Rd3 Rg4 19. Re1 Rag8 20. Ree3 Rh4 21. c3 Qh2+ 22. Kf1 Bf4 23. Nf5 Rg1+ 24. Ke2 Rg3 25. Nxh4 Rxf3 26. Nxf3 Qh6 27. Nd4 Bxe3 28. Rxe3 c5 29. Nc6 Qh5+ 30. Ke1 a6 31. Rg3 Qh1+ 32. Ke2 Qxe4+ 33. Kf1 Qxc6 34. Ke2 Qb5+ 35. Ke3 Qxb2 36. Rf3 Qxc3+ 37. Ke4 f5+ 38. Kf4 Qe5+ 39. Kg5 f6+ 40. Kh6 f4 41. Rb3 Qg5# 0-1